000 00507nam a2200205Ia 4500
005 20240823051747.0
008 240823s9999||||xx |||||||||||||| ||und||
020 _a978-0-470-22280-5
041 _aENGLISH
082 _A005.74 P9
100 _aGlenn J Myatt
245 0 _aMaking Sense of Data II
250 _a1st
260 _c2009
_bWiley India Pv
_aNew Delhi
500 _aTRANSFERED
650 _aMaking Sense
_bComputer Science
700 _a Wayne P Johnson
942 _cBK
999 _c220311
_d220311